000 00499nam a22001817a 4500
005 20260513154308.0
008 260513b |||||||| |||| 00| 0 eng d
020 _a9781788118330
041 _aEng
082 _a303.482 GOP
100 _aGopinath, C
245 _aGlobalization: A Multi-Dimensional System
250 _a3rd
260 _aUK
_bEdward Elgar Publishing
_c2018
300 _a277;. P. 24 cm
650 _aGlobalization; International business enterprises--Management
942 _cBK
999 _c46563
_d46563